| 000 | 00565cam a2200205 4500500 | ||
|---|---|---|---|
| 005 | 20260405002051.0 | ||
| 041 | _afre | ||
| 042 | _adc | ||
| 100 | 1 | 0 |
_aLacroix, Alexandre _eauthor |
| 245 | 0 | 0 | _aJe n’ai pas le temps |
| 260 | _c2015. | ||
| 500 | _a38 | ||
| 690 | _aAvoir | ||
| 690 | _aÊtre | ||
| 690 | _aMort | ||
| 690 | _aPassé | ||
| 690 | _aPrésent | ||
| 786 | 0 | _nPhilosophie magazine | 93 | 10 | 2015-10-01 | p. 1-1 | 1951-1787 | |
| 856 | 4 | 1 | _uhttps://shs.cairn.info/magazine-philosophie-magazine-2015-10-page-1?lang=fr&redirect-ssocas=7080 |
| 999 |
_c2053877 _d2053877 |
||